| 000 | 00786nam1a2200241 i 4500 | ||
|---|---|---|---|
| 001 | RU\NLR\ONL1\597 | ||
| 005 | 20241212203245.0 | ||
| 035 | _a(NLR Aleph) 009629358 | ||
| 090 |
_a9483476 _c9483476 |
||
| 100 | _a20010821g18849999u||y0rusy50 ca | ||
| 101 | 0 | _audm | |
| 102 | _aRU | ||
| 105 | _ay ||||||||| | ||
| 200 | 1 |
_aХоровые церковные песнопения _eНа вот. яз. |
|
| 210 |
_aКазань _cПравослав. миссионер. о-во _cТиполит. Императ. ун-та _d1894 - |
||
| 606 | 0 |
_aПеснопения православные _92111076 _3RU\NLR\auth\661275827 |
|
| 801 | 0 |
_aRU _bNLR _c20010821 _gPSBO |
|
| 852 |
_aNLR _bОНЛ |
||
| 852 | _aБХУ | ||
| 852 | _aНБ | ||
| 942 | _cBOOK | ||